000 00544nam a2200169 i 4500
001 86383
003 ES-MaACL
005 20230906175433.0
007 t|
008 041209s1962 sp ||||1| spa d
100 1 _aKarlson, Peter.
_967567
245 1 0 _aManual de Bioquímica
_b: para médicos, naturalistas y farmaceúticos /
_cpor P. Karlson ; versión española por F. Pulido.
260 _aBarcelona :
_bMarín,
_c[1962]
300 _aXVI, 386 p. :
_bil. ;
_c24 cm.
700 1 _aPulido, F.
_994370
852 _aES-MaACL
_jC-22841
_bR.51421
999 _c86383
_d86383